Fortified cities in ancient India (Record no. 4792)

MARC details
000 -LEADER
fixed length control field 00492 a2200157 4500
000 - LEADER
fixed length control field BKB
001 - CONTROL NUMBER
control field 071489
005 - DATE AND TIME OF LATEST TRANSACTION
control field 20200902151013.0
008 - FIXED-LENGTH DATA ELEMENTS--GENERAL INFORMATION
fixed length control field
082 ## - DEWEY DECIMAL CLASSIFICATION NUMBER
Classification number 725.183
Item number M68F
100 1# - MAIN ENTRY--PERSONAL NAME
Personal name Mishra, Ratanlal
245 1# - TITLE STATEMENT
Title Fortified cities in ancient India
Statement of responsibility, etc by Ratanlal Mishra
260 ## - PUBLICATION, DISTRIBUTION, ETC. (IMPRINT)
Place of publication, distribution, etc Jaipur
Name of publisher, distributor, etc Literary Circle
Date of publication, distribution, etc 2008
300 ## - PHYSICAL DESCRIPTION
Extent 123p.
690 ## - LOCAL SUBJECT ADDED ENTRY--TOPICAL TERM (OCLC, RLIN)
Topical term or geographic name as entry element India; Antiquities; Cities and towns, Ancient; Excavations (Archaeology); Fortification
Holdings
Withdrawn status Lost status Damaged status Not for loan Home library Current library Date acquired Cost, normal purchase price Total Checkouts Full call number Barcode Date last seen Price effective from Koha item type
        Central University Of Rajasthan Central University Of Rajasthan 07/03/2012 795.00   725.183 M68F 5924 21/11/2024 02/09/2020 Books